<?xml version="1.0" encoding="UTF-8"?><?xml-stylesheet type="text/xsl" href="static/style.xsl"?><OAI-PMH xmlns="http://www.openarchives.org/OAI/2.0/" xmlns:xsi="http://www.w3.org/2001/XMLSchema-instance" xsi:schemaLocation="http://www.openarchives.org/OAI/2.0/ http://www.openarchives.org/OAI/2.0/OAI-PMH.xsd"><responseDate>2026-04-13T03:02:04Z</responseDate><request verb="GetRecord" identifier="oai:www.recercat.cat:10230/71955" metadataPrefix="marc">https://recercat.cat/oai/request</request><GetRecord><record><header><identifier>oai:recercat.cat:10230/71955</identifier><datestamp>2025-11-23T07:40:01Z</datestamp><setSpec>com_2072_6</setSpec><setSpec>col_2072_452952</setSpec></header><metadata><record xmlns="http://www.loc.gov/MARC21/slim" xmlns:dcterms="http://purl.org/dc/terms/" xmlns:xsi="http://www.w3.org/2001/XMLSchema-instance" xmlns:doc="http://www.lyncode.com/xoai" xsi:schemaLocation="http://www.loc.gov/MARC21/slim http://www.loc.gov/standards/marcxml/schema/MARC21slim.xsd">
   <leader>00925njm 22002777a 4500</leader>
   <datafield ind2=" " ind1=" " tag="042">
      <subfield code="a">dc</subfield>
   </datafield>
   <datafield ind2=" " ind1=" " tag="720">
      <subfield code="a">Jorba Grau, Marta</subfield>
      <subfield code="e">author</subfield>
   </datafield>
   <datafield ind2=" " ind1=" " tag="720">
      <subfield code="a">Rodó de Zárate, Maria</subfield>
      <subfield code="e">author</subfield>
   </datafield>
   <datafield ind2=" " ind1=" " tag="260">
      <subfield code="c">2025-11-21T08:59:20Z</subfield>
   </datafield>
   <datafield ind2=" " ind1=" " tag="260">
      <subfield code="c">2025-11-21T08:59:20Z</subfield>
   </datafield>
   <datafield ind2=" " ind1=" " tag="260">
      <subfield code="c">2019</subfield>
   </datafield>
   <datafield ind2=" " ind1=" " tag="260">
      <subfield code="c">2025-11-21T08:59:19Z</subfield>
   </datafield>
   <datafield ind2=" " ind1=" " tag="520">
      <subfield code="a">Within feminist theory and a wide range of social sciences, intersectionality has emerged as a key analytic framework, challenging paradigms that consider gender, race, class, sexuality, and other categories as separate and instead conceptualizing them as interconnected. This has led most authors to assume mutual constitution as the pertinent model, often without much scrutiny. In this essay we critically review the main senses of mutual constitution in the literature and challenge what we take to be a problematic assumption: the problem of reification, here understood as the conceptualization of social categories as entities or objects. We then present the properties framework, together with the emergent experience view, which conceptualizes categories and social systems in a way that maintains their ontological specificity while allowing for their being deeply affected by each other.</subfield>
   </datafield>
   <datafield ind2=" " ind1=" " tag="520">
      <subfield code="a">Financial support for this work was provided by MINECO, Spanish Government, research projects FFI2013-47948-P, FFI2014-52196-P and FFI2016-80588-R (M. J.) and postdoctoral fellowships FJCI-2015-23620, IJCI-2017-34112 (M. J.) and FJCI-2014-19743, IJCI-2016-27422 (M. R. Z).</subfield>
   </datafield>
   <datafield ind1="8" ind2=" " tag="024">
      <subfield code="a">http://hdl.handle.net/10230/71955</subfield>
   </datafield>
   <datafield tag="653" ind2=" " ind1=" ">
      <subfield code="a">Interseccionalitat (Sociologia)</subfield>
   </datafield>
   <datafield ind2="0" ind1="0" tag="245">
      <subfield code="a">Beyond mutual constitution: the property framework for intersectionality studies</subfield>
   </datafield>
</record></metadata></record></GetRecord></OAI-PMH>